Viven
La película narra la historia real del equipo uruguayo de rugby Old Christians Club de Carrasco, cuyos miembros eran estudiantes de Colegio Stella Maris de Montevideo, y de sus amigos y familiares. Todos ellos se vieron envueltos en un accidente aéreo al estrellarse en su avión en la cordillera de l...
Guardado en:
| Autor Principal: | |
|---|---|
| Autor Corporativo: | |
| Otros Autores: | , , |
| Formato: | |
| Idioma: | Undetermined |
| Publicado: |
Estados Unidos :
Paramount Pictures,
1993.
|
| Materias: | |
| Etiquetas: |
Agregar Etiqueta
Sin Etiquetas, Sea el primero en etiquetar este registro!
|
| LEADER | 01418ngm a22002415a 4500 | ||
|---|---|---|---|
| 001 | CEM.cems020689 | ||
| 008 | 231123s1993####xx#---############vlund#d | ||
| 005 | 20231123210703.0 | ||
| 245 | 1 | 0 | |a Viven |h [videograbación] / |c Frank Marshall. |
| 260 | |a Estados Unidos : |b Paramount Pictures, |c 1993. | ||
| 300 | |a 126'. | ||
| 520 | |a La película narra la historia real del equipo uruguayo de rugby Old Christians Club de Carrasco, cuyos miembros eran estudiantes de Colegio Stella Maris de Montevideo, y de sus amigos y familiares. Todos ellos se vieron envueltos en un accidente aéreo al estrellarse en su avión en la cordillera de los Andes el 13 de octubre de 1972. Posteriormente, el equipo deberá enfrentarse a las bajas temperaturas, avalanchas de nieve, la deshidratación, la inanición, a la muerte de seres queridos durante 72 días hasta su rescate. | ||
| 590 | |a Identificación anterior: 306 | ||
| 538 | |a Soporte: DVD -- Formato: DVD Peso: 7.50gb -- Resolución: 720 x 480 -- 29.97fps | ||
| 500 | |a Título original: Alive! Idioma: Inglés Subtítulos: Español, inglés, portugués. | ||
| 100 | 1 | |a Marshall, Frank. | |
| 700 | 1 | |a Read, Piers Paul; Novela. | |
| 700 | 1 | |a Hawke, Ethan; Reparto. | |
| 700 | 1 | |a Malkovich, John; Reparto. | |
| 710 | 2 | |a Paramount Pictures. | |
| 653 | |a FICCIÓN | ||
| 653 | |a LARGOMETRAJE | ||
| 859 | |a CEMS |b BIB. CEMS - Depto. Recursos Didacticos |h 778.5 |i MAR-1 |k DRD |p 3247.23 |t Ej.1 | ||
